000
00192 a2200097 4500
001
10050
100
_a
Jones, L.R.
245
_a
North America
260
_a
_b
Methuen
_c
090
_c
7802
_d
7802
942
_a
NUST-CAE
_c
M
_c
34492
999
_c
245123
_d
245123